| 000 | 00647nam a2200205 i 4500 | ||
|---|---|---|---|
| 001 | 185579 | ||
| 003 | SpMaBN | ||
| 005 | 20251014063301.0 | ||
| 008 | 160719s2007 fr cf |||| |aspa d | ||
| 020 | _a978-2-234-05817-0 | ||
| 080 | _a929 Veil, Simone | ||
| 100 | 1 |
_aVeil, Simone, _d1927- _9160169 |
|
| 245 | 1 | 4 |
_aUne vie / _cSimone Veil. |
| 260 |
_a[Paris] : _bStock, _c[2007] |
||
| 300 |
_a398 p., [24] p. de lám. retr. ; _c22 cm. |
||
| 500 | _aAnexos: discursos pronunciados por la autora. | ||
| 600 | 1 | 7 |
_aVeil, Simone, _d1927- _2 _9160169 |
| 852 |
_aES-MaACL _jL-30451 _z. - Donat. Carmen Zumárraga |
||
| 999 |
_c185579 _d185579 |
||